ARRUPE JESUIT UNIVERSITY

CORONAVIRUS -STOP THE SPREAD - CLEAN,DISINFECT,COVER

Philosophy and technology; (Record no. 123288)

MARC details
000 -LEADER
fixed length control field 00795cam a2200241 4500
001 - CONTROL NUMBER
control field 1709864
003 - CONTROL NUMBER IDENTIFIER
control field ARRUPE
005 - DATE AND TIME OF LATEST TRANSACTION
control field 20150916114235.0
008 - FIXED-LENGTH DATA ELEMENTS--GENERAL INFORMATION
fixed length control field 721018s1972 nyu b 001 0 eng
010 ## - LIBRARY OF CONGRESS CONTROL NUMBER
LC control number 70160069
040 ## - CATALOGING SOURCE
Original cataloging agency DLC
Transcribing agency DLC
Modifying agency DLC
050 00 - LIBRARY OF CONGRESS CALL NUMBER
Classification number T14
Item number .M55
082 00 - DEWEY DECIMAL CLASSIFICATION NUMBER
Classification number 601
300 ## - PHYSICAL DESCRIPTION
Dimensions 24 cm.
245 10 - TITLE STATEMENT
Title Philosophy and technology;
Remainder of title readings in the philosophical problems of technology,
Statement of responsibility, etc edited with an introd. by Carl Mitcham and Robert Mackey.
260 ## - PUBLICATION, DISTRIBUTION, ETC. (IMPRINT)
Place of publication, distribution, etc New York,
Name of publisher, distributor, etc Free Press
Date of publication, distribution, etc [1972]
300 ## - PHYSICAL DESCRIPTION
Extent ix, 399 p.
504 ## - BIBLIOGRAPHY, ETC. NOTE
Bibliography, etc Bibliography: p. 379-389.
650 #0 - SUBJECT ADDED ENTRY--TOPICAL TERM
Topical term or geographic name as entry element Technology
General subdivision Philosophy.
-- Addresses
9 (RLIN) 13704
700 1# - ADDED ENTRY--PERSONAL NAME
Personal name Mackey, Robert
9 (RLIN) 19483
Relator code ed.
700 1# - ADDED ENTRY--PERSONAL NAME
Personal name Mitcham, Carl
Relator code ed.
9 (RLIN) 19541
906 ## - LOCAL DATA ELEMENT F, LDF (RLIN)
a 7
b cbc
c orignew
d 2
e ncip
f 19
g y-gencatlg
942 ## - ADDED ENTRY ELEMENTS (KOHA)
Source of classification or shelving scheme Library of Congress Classification
Koha item type Monograph ( Printed materials)
Holdings
Withdrawn status Lost status Source of classification or shelving scheme Damaged status Not for loan Collection code Home library Current library Shelving location Date acquired Total Checkouts Full call number Barcode Date last seen Price effective from Koha item type
    Library of Congress Classification     Main Collection ARRUPE LIBRARY ARRUPE LIBRARY Main Collection 08/09/2015   T14.M55 46500004306 11/09/2019 08/09/2015 Monograph ( Printed materials)

 

Arrupe Library. PO Box MP320 Mt Pleasant, Harare, Zimbabwe
263 242 745411|librarian@aju.ac.zw